Top 10 des animaux de compagnies en France - Statistiques

Statistiques générales
  • Ce quiz a été pris 1 053 fois
  • Le résultat moyen est 6 sur 10
Statistiques - réponses
Rang/Nb estimé en France Réponse % Correct
2/14,9 millions Chats
100%
3/7,6 Millions Chiens
100%
1/28,1 millions Poissons
89%
6/800 000 Hamsters
86%
4/1,5 Millions Lapins
86%
5/1 million Cochon d'Inde
66%
9/500 000 Tortues
55%
10/400 000 Furets
29%
7/700 000 Perruches
28%
8/600 000 Canaris
6%
Aucun quiz correspondant
Distribution des résultats
% des personnes avec chaque résultat
Percentile par nombre de réponses
Votre historique - résultats
Vous n’avez pas pris ce quiz